|
|
|
|
| LEADER |
01262cam a2200265 i 4500 |
| 001 |
14880896 |
| 003 |
GR-PaULI |
| 005 |
20220222124922.0 |
| 008 |
070606s2006 enka g b 001 0aeng d |
| 952 |
|
|
|0 0
|1 0
|2 ddc
|4 0
|6 398_209000000000000_425_3_PEA
|7 0
|9 356729
|a ARCH
|b ARCH
|c BSC
|d 2022-02-22
|i 013922
|l 0
|o 398.209 425 3 PEA
|p 025000215642
|r 2022-02-22 00:00:00
|t 1
|w 2022-02-22
|y BK15
|
| 999 |
|
|
|c 208819
|d 208819
|
| 020 |
|
|
|a 9780859897877
|q σκληρόδετο
|
| 040 |
|
|
|a GR-PaULI
|b gre
|c GR-PaULI
|d BAKER
|d YDXCP
|d UKM
|d DLC
|e AACR2
|
| 082 |
0 |
4 |
|a 398.209 425 3
|2 23
|
| 100 |
1 |
|
|a Pearson, Mike,
|d 1949-
|e συγγραφέας.
|
| 245 |
1 |
0 |
|a "In comes I" :
|b performance, memory and landscape /
|c Mike Pearson.
|
| 260 |
|
|
|a Exeter, UK :
|b University of Exeter Press,
|c 2006.
|
| 300 |
|
|
|a xiv, 239 σ. :
|b εικ., χάρτες ;
|c 26 εκ.
|
| 490 |
0 |
|
|a Exeter performance studies / University of Exeter Press
|
| 504 |
|
|
|a Περιλαμβάνει βιβλιογραφία και ευρετήριο.
|
| 600 |
1 |
4 |
|a Pearson, Mike,
|d 1949-
|9 190072
|
| 650 |
|
4 |
|a Παραστατικές τέχνες
|z Αγγλία.
|9 190419
|
| 856 |
4 |
2 |
|3 Publisher description
|u http://www.loc.gov/catdir/enhancements/fy0809/2007390554-d.html
|
| 942 |
|
|
|2 ddc
|c BK15
|
| 998 |
|
|
|c ΒΑΣΙΛΕΙΟΥ
|d 2022-02
|